AutoCad 2002 : langkah demi langkah

Bibliographic Details
Main Author: Iskandar Ab Rashid
Other Authors: Zaitun Ismail
Format: Book
Published: Kuala Lumpur b Venton Publishing , 2002
Subjects:

MARC

LEADER 00000cam a2200000 7i4500
001 0000003151
005 20050308.0
020 0 0
090 0 0 |a 620.00420285   |b ISK 
100 0 0 |a Iskandar Ab Rashid 
245 1 0 |a AutoCad 2002 :   |b langkah demi langkah   |c Iskandar Ab Rashid, Zaitun Ismail 
260 0 0 |a Kuala Lumpur b Venton Publishing ,   |c 2002 
300 |a iv, 298ms. :   |b il. ;   |c 26cm. 
500 0 0 |a Mengandungi indeks 
650 0 0 |a AutoCAD 
650 0 0 |a Computer graphics 
650 0 0 |a Computer-aided design 
700 0 1 |a Zaitun Ismail 
999 |a 0000005552   |b Monograph   |c Open Shelf   |e Default branch